000 01071nam a2200301 i 4500
001 000026722
003 DO-SdBNP
005 20250204104418.0
007 ta
008 110324s2012 dr a 000 0 spa d
020 _a9789945469578
040 _aDO-SdBNP
_bspa
_cBNPHU
_erda
049 _aBNPD
082 4 _222
100 1 _aRímoli, Renato O
_eautor
_936749
245 1 0 _aDiccionario de términos ambientales /
_cRenato O. Rimoli ; edición, Héctor Luis Martínez ; corrección, Odalís G. Pérez
264 _aSanto Domingo :
_bInstituto Panamericano de Geografía e Historia,
_c2012.
300 _a479 páginas :
_bilustraciones ;
_c23 cm.
336 _2rdacontent
_atexto
_btxt
337 _2rdamedia
_asin mediación
_bn
338 _2rdacarrier
_avolumen
_bnc
500 _aIncluye datos biográficos del autor en la solapa de la cubierta
504 _aBibliografía : páginas 477-479
590 _aInventariado, 2024/BT
700 1 _aMartínez, Héctor Luis,
_eedición
_99580
700 1 _aPérez, Odalís G.,
_ecorrección
_984642
942 _2ddc
_cLBS1
999 _c26214
_d26214